000 00495nam a2200181Ia 4500
999 _c29750
_d29750
003 OSt
005 20201231131219.0
008 190216s9999||||xx |||||||||||||| ||und||
020 _a9788126419289
040 _coclc
082 _a894.812301
_bSET/E
100 _aSethu
_96440
245 0 _aEnte Priyapetta Kathakal /
_cSethu
260 _bDc Books,
_c2010.
_aKottayam:
300 _a149p
650 _aKathakal
942 _cBK
_2ddc
_h894.812301
_iSET/E
_k894.812301
_mSET/E